| 000 | 00712nam a22002297a 4500 | ||
|---|---|---|---|
| 999 |
_c14627 _d14627 |
||
| 003 | AR-CdUCM | ||
| 008 | 190424b ||||| |||| 00| 0 spa d | ||
| 020 | _a978-84-9825-243-9 | ||
| 040 |
_aMUNICIPALIDAD PROVINCIAL DEL CUSCO _cBIBLIOTECA MUNICIPAL DEL CUSCO |
||
| 082 |
_aEP / 800.8 / _bJ21 |
||
| 100 |
_aJane, A _933482 |
||
| 245 | _aPrometeo / | ||
| 260 |
_aBarcelona : _bCaballo mitilogico, _bCombel, _c2007. |
||
| 300 |
_a22 paginas ; _bIlustraciones, graficos, dibujos _c24 cm. |
||
| 500 | _atexto de lectura para niños | ||
| 650 |
_aHistoria _951620 |
||
| 650 |
_aLiteratura _983 |
||
| 650 |
_aNiños _99390 |
||
| 856 | _fwww.combeleditorial.com | ||
| 942 |
_2ddc _cLIBROS |
||
| 945 |
_apjha _d2019-04-24 |
||